Empty Pixelated Asia Map - Statistics

General Stats
  • This quiz has been taken 3,822 times
  • The average score is 266 of 283
Answers on the Map
Answers color-coded by a green-red scale on the quiz's map according to % correct below.
 
Answer Stats
Country % Correct
China
99%
India
98%
Japan
95%
Indonesia
94%
Pakistan
94%
Iran
93%
Mongolia
93%
Iraq
92%
Kazakhstan
92%
Thailand
92%
Nepal
91%
Saudi Arabia
91%
Vietnam
91%
Afghanistan
90%
South Korea
89%
Uzbekistan
89%
Laos
88%
Oman
88%
Yemen
88%
Malaysia
87%
Myanmar
87%
North Korea
87%
Turkmenistan
87%
Tajikistan
86%
Cambodia
85%
Kyrgyzstan
84%
Turkey
84%
Philippines
81%
Syria
80%
Sri Lanka
77%
Azerbaijan
76%
Georgia
76%
Jordan
71%
United Arab Emirates
69%
No matching quizzes found
Score Distribution
Percent of People with Each Score
Percentile by Number Answered
Your Score History
You have not taken this quiz